Yo te curaré, dijo el pequeño oso : (Registro nro. 11946)
[ vista simple ]
| 000 -LEADER | |
|---|---|
| fixed length control field | 01063nam a22003017a 4500 |
| 001 - CONTROL NUMBER | |
| control field | 000697 |
| 003 - CONTROL NUMBER IDENTIFIER | |
| control field | DO-SdBNP |
| 005 - DATE AND TIME OF LATEST TRANSACTION | |
| control field | 20161114145003.0 |
| 007 - PHYSICAL DESCRIPTION FIXED FIELD--GENERAL INFORMATION | |
| fixed length control field | 000697 |
| 008 - FIXED-LENGTH DATA ELEMENTS--GENERAL INFORMATION | |
| fixed length control field | 161109b 1995 sp a ||||| |||| 00| 0 spa d |
| 020 ## - INTERNATIONAL STANDARD BOOK NUMBER | |
| International Standard Book Number | 8420448079 |
| 040 ## - CATALOGING SOURCE | |
| Original cataloging agency | BPMSU |
| Language of cataloging | spa |
| Transcribing agency | BPMSU |
| 082 ## - DEWEY DECIMAL CLASSIFICATION NUMBER | |
| Classification number | xxxx |
| Item number | xxxx |
| 100 1# - MAIN ENTRY--PERSONAL NAME | |
| Personal name | Janosch |
| Dates associated with a name | 1931- |
| 240 10 - UNIFORM TITLE | |
| Uniform title | <a href="Ich mach dich gesund, sagte der Bär. ">Ich mach dich gesund, sagte der Bär. </a> |
| Language of a work | Español |
| 245 10 - TITLE STATEMENT | |
| Title | Yo te curaré, dijo el pequeño oso : |
| Remainder of title | la historia de cómo una vez el pequeño tigre estuvo enfermo / |
| Statement of responsibility, etc. | Janosch ; ilustraciones del autor ; traducción Regino García Badell. |
| 250 ## - EDITION STATEMENT | |
| Edition statement | 3a reimp. |
| 260 ## - PUBLICATION, DISTRIBUTION, ETC. (IMPRINT) | |
| Place of publication, distribution, etc. | México : |
| Name of publisher, distributor, etc. | Alfaguara, |
| Date of publication, distribution, etc. | 1995. |
| 300 ## - PHYSICAL DESCRIPTION | |
| Extent | 46 p. : |
| Other physical details | il. ; |
| Dimensions | 19 cm. |
| 490 1# - SERIES STATEMENT | |
| Series statement | Alfaguara infantil |
| 500 ## - GENERAL NOTE | |
| General note | Para niños a partir de los 6 años. |
| 500 ## - GENERAL NOTE | |
| General note | tercera reimpresión: febrero1995. |
| 500 ## - GENERAL NOTE | |
| General note | Traducción de: Ich mach dich gesund, sagte der Bär |
| 700 12 - ADDED ENTRY--PERSONAL NAME | |
| Personal name | García Badell, Regino, |
| Relator term | tr. |
| 830 #0 - SERIES ADDED ENTRY--UNIFORM TITLE | |
| Uniform title | Alfaguara infantil |
| 942 ## - ADDED ENTRY ELEMENTS (KOHA) | |
| Source of classification or shelving scheme | Dewey Decimal Classification |
| Koha item type | Libros |
| 956 ## - LOCAL ELECTRONIC LOCATION AND ACCESS (OCLC) | |
| Access method | LOPEREZ |
| Materials specified | 10 |
| Linkage | 20161109 |
| Field link and sequence number | BPMSU |
| Host name | 00041 |
| Withdrawn status | Lost status | Source of classification or shelving scheme | Damaged status | Not for loan | Collection code | Home library | Current library | Date acquired | Source of acquisition | Total Checkouts | Full call number | Barcode | Date last seen | Price effective from | Koha item type |
|---|---|---|---|---|---|---|---|---|---|---|---|---|---|---|---|
| Dewey Decimal Classification | Colección Infantil General | Biblioteca Pública Metropolitana Salomé Ureña | Biblioteca Pública Metropolitana Salomé Ureña | 11/14/2016 | Donación | xxxx xxxx | BPMET16111303 | 11/14/2016 | 11/14/2016 | Libros |